Los 15 Paises mas Pequeños del Mundo - Estadísticas

Estadísticas generales
  • Esta prueba ha sido intentada 71 veces
  • La puntuación promedio es 8 de 15
Respuestas en el mapa
Las respuestas están codificadas por una escala verde-roja en el mapa de la prueba según el % correcto abajo.
 
Estadísticas de respuestas
Respuesta % Correcto
0.49 km² Ciudad del Vaticano
94%
61 km² San Marino
84%
2.02 km² Mónaco
79%
160 km² Liechtenstein
73%
316 km² Malta
57%
21 km² Nauru
57%
261 km² San Cristóbal y Nieves
56%
389 km² San Vicente y las Granadinas
51%
430 km² Barbados
48%
459 km² Seychelles
48%
26 km² Tuvalu
46%
442 km² Antigua y Barbuda
43%
344 km² Granada
43%
181 km² Islas Marshall
35%
298 km² Maldivas
32%
No se encontraron pruebas coincidentes
Distribución de puntuación
Porcentaje de gente con cada puntuación
Porcentaje por número respondido
Historial de tus puntuaciones
No has intentado esta prueba.